Datum a čas kvízu
21.5
Celkem bodů
Celkový počet nahraných bodů na tomto kvízu bez doplňovacích otázek.
8.
Pořadí na kvízu
Konečné umístění týmu na tomto kvízu.
Zaznamenané odpovědi
| # | Otázka | Odpověď | Body | Výsledky |
|---|---|---|---|---|
| 1. | Ženevský odvolací soud potvrdi... | Sabina Slonková, Jiří Kubík | 0 | |
| 2. | Letadlo ruského ministra zahra... | v Brazílii | 1 | |
| 3. | Letošní vyhlášení tuzemských k... | Muriel | 0 | |
| 4. | Španělská policie zatkla na ji... | s viagrou (lékem na potenci) | 0 | |
| 5. | Jeden teprve osmnáctiletý česk... | Jakub Menšík, Katar | 1 | |
| 6. | Součástí televizního programu... | Hodina pravdy | 0 | |
| 7. | Která veřejně známá osobnost z... | Ladislav Zibura | 0 | |
| 8. | Mezi lety 1996 až 2006 vysílal... | Videostop | 0 | |
| 9. | V dnešní době je velmi populár... | čtyřikrát | 0 | |
| 10. | Kdo z uvedených nikdy nemodero... | D | 1 |